| 000 | 00527nam a22001577a 4500 | ||
|---|---|---|---|
| 003 | SISC | ||
| 005 | 20160812111824.0 | ||
| 008 | 160812b xxu||||| |||| 00| 0 eng d | ||
| 020 | _a9789710113637 | ||
| 050 |
_aHD 58.8 _b.V718 2011 |
||
| 100 | _aVillanueva, Elvin B. | ||
| 245 |
_aEmployee transfer & demotion : _bhow to make transfer or demotion valid / _cElvin B. Villanueva, Mary Christine Florino, JD. |
||
| 260 |
_aQuezon City : _bCentral Book Supply, Inc., _c2011. |
||
| 300 |
_axiv, 93 pages ; _c23 cm. |
||
| 942 |
_2lcc _cBK |
||
| 999 |
_c300487 _d300487 |
||